000 005090000a22001810004500
003 MACL
005 20160316122032.0
008 160316b xxu||||| |||| 00| 0 eng d
040 _aMACL
_cMACL
041 _aHindi
082 _a920
100 _aभाई सुरेशराम
_946252
245 _aगरीब की पुकार
260 _bआत्‍माराम एण्‍ड संस
_c1968
_aलखनउ
350 _a2
650 _aBiography
_946454
942 _cHIN
_k920
_2ddc
999 _c25964
_d25964